Представление документа в формате RUSMARC

ПолеНазваниеЗначение
  Тип записи a
  Библиографический уровень m
001 Контрольный номер SKBR/ed4ed6eb-19b5-4d53-85d5-4fdaadc982d0
005 Дата корректировки 20231127112226.6
010 Индекс ISBN __
a ISBN 978-5-9614-6312-5
b Уточнения в пер.
d Цена 572-76
100 Данные общей обработки __
a Данные общей обработки 20220818d2022 m y0rusy028902 ca
101 Язык документа 0_
a Язык текста rus
102 Страна публикации __
a Страна публикации RU
105 Кодированные данные (монография) __
a Кодированные данные (монография) y z 000yy
181 Поле кодированных данных: вид содержания _0
a Код вида содержания (ISBD) i
182 Поле кодированных данных: тип средства _0
a Код типа средства (ISBD) n
200 Заглавие и сведения об ответственности 1_
a Заглавие Найти себя
e Сведения, относящиеся к заглавию как осознать свои истинные желания и стать счастливее
f Первые сведения об ответственности Леонид Кроль
203 Вид содержания и тип средства __
a Вид содержания Текст
c Тип средства непосредственный
210 Выходные данные 1_
a Место издания Москва
c Издательство Альпина Паблишер
d Дата издания 2022
215 Физическое описание __
a Объем 235, [3] с.
d Формат 22 см
320 Библиография __
a Библиография Библиография в подстрочных примечаниях
330 Аннотация __
a Аннотация Как понять, чего я действительно хочу? Есть ли способ избежать ложных целей, навязанных обществом или родителями? Можно ли верить себе, руководствоваться своими желаниями? И вообще — что такое «я»? Фамилия в паспорте, набор социальных ролей или что-то иное? Ответить на эти вопросы помогут двенадцать историй из практики психолога и бизнес-коуча Леонида Кроля. Автор расскажет, как опираться на чувства, воображение, переживание, чтобы ориентироваться в собственных ощущениях и состояниях, принимать решения, более полно проживать каждый момент жизни.
540 Дополнительное заглавие, сделанное каталогизатором 10
a Дополнительное заглавие, сделанное каталогизатором Как осознать свои истинные желания и стать счастливее
606 Тематические рубрики __
2 Код системы nlr_sh
a Основная рубрика Психология
606 Тематические рубрики __
2 Код системы nlr_sh
a Основная рубрика Психология личности
610 Ключевые слова 0_
a Ключевые слова психология
610 Ключевые слова 0_
a Ключевые слова психология личности
610 Ключевые слова 0_
a Ключевые слова саморазвитие
610 Ключевые слова 0_
a Ключевые слова самореализация
610 Ключевые слова 0_
a Ключевые слова популярная психология
610 Ключевые слова 0_
a Ключевые слова поиск себя
610 Ключевые слова 0_
a Ключевые слова самоопределение
610 Ключевые слова 0_
a Ключевые слова самосознание
610 Ключевые слова 0_
a Ключевые слова самосовершенствование
686 Индексы других классификаций __
a Классификационный индекс 88.351
2 Код системы rubbks
700 Автор _1
a Фамилия Кроль
b Имя Л. М.
g Полное личное имя Леонид Маркович
f Даты 1951-
4 Код отношения 070
801 Источник записи _0
a Страна RU
b Организация Челябинская ОУНБ
c Дата составления 20220818
g Правила каталогизации PSBO
2 Код формата rusmarc
801 Источник записи _1
a Страна RU
b Организация Челябинская ОУНБ
c Дата составления 20220818
g Правила каталогизации PSBO
2 Код формата rusmarc
852 Данные о местонахождении __
i Авторский знак К 83
j Шифр хранения 88.351
900 Макрообъекты __
a Макрообъекты Найти себя. Как осознать свои истинные желания и стать счастливее. Л. Кроль, 2022
901 Тип документа __
a Ответственный КиК/Обаева
t Тип документа m
903 Характеристики (МАРС) __
a Дата передачи 20230130
c Наименование библиотеки (МАРС) Муниципальное бюджетное учреждение культуры "Централизованная библиотечная система" г. Сургут (Центральная городская библиотека им. А. С. Пушкина)
990 Данные о заказе (DOS) __
j Количество экземпляров (DOS) 5
t N записи в КСУ для И/У (DOS) 202302